Advanced cost accountancy. (2nd ed.) (Record no. 83695)

MARC details
000 -LEADER
fixed length control field 00733nam a2200169 a 4500
008 - FIXED-LENGTH DATA ELEMENTS--GENERAL INFORMATION
fixed length control field 120416s1978 ||||||||||||||||| || u
050 ## - LIBRARY OF CONGRESS CALL NUMBER
Classification number HF 5686.C8 Bat
100 ## - MAIN ENTRY--PERSONAL NAME
Personal name Batty, Joseph
245 10 - TITLE STATEMENT
Title Advanced cost accountancy. (2nd ed.)
250 ## - EDITION STATEMENT
Edition statement 2nd ed.
260 ## - PUBLICATION, DISTRIBUTION, ETC.
Place of publication, distribution, etc. Estover, Plymouth
Name of publisher, distributor, etc. MacDonald & Evans
Date of publication, distribution, etc. 1978
350 ## -
-- 0.00
650 #0 - SUBJECT ADDED ENTRY--TOPICAL TERM
Topical term or geographic name entry element ACCOUNTING--HANDBOOKS, MANUALS, ETC
650 #0 - SUBJECT ADDED ENTRY--TOPICAL TERM
Topical term or geographic name entry element COST ACCOUNTING
995 ## -
-- MAIN LIBRARY OPEN ACCESS
-- 0.00
-- 700670
-- CBU-MAIN LIBRARY (Kitwe)
-- 1
-- 7.95
-- HF 5686.C8 Bat
-- 1
-- AVAILABLE
-- 023567
-- Main Library Open Access Collection
995 ## -
-- TEXTBOOKS (SB)
-- 0.00
-- 01270
-- CBU-SCHOOL TEXTBOOK COLLECTIONS
-- 1
-- 0.00
-- SCHOOL TEXTBOOK
-- 5
-- AVAILABLE
-- Sep 16, 2009
-- 01270
-- School Collections
999 ## -
-- 83695
-- 83695
Holdings
Withdrawn status Lost status Source of classification or shelving scheme Damaged status Not for loan Permanent Location Current Location Shelving location Date acquired Total Checkouts Full call number Barcode Date last seen Copy number Price effective from Koha item type
          CBU-MAIN LIBRARY, KITWE. CBU-MAIN LIBRARY, KITWE.   01/08/2024   HF 5686.C8 Bat 023567 01/08/2024 1 01/08/2024 MONOGRAPH
          CBU-SCHOOL TEXT BOOK COLLECTION CBU-SCHOOL TEXT BOOK COLLECTION   01/08/2024   SCHOOL TEXTBOOK 01270 01/08/2024 2 01/08/2024 MONOGRAPH